000 01877cam a2200445 4500
008 090401t1988 xxu||||| |||| 00| 0 eng d
020 _a0419147705
035 _a(Sirsi) u16220
041 _aeng
050 _a332.6324
245 _aProperty investment theory
260 _aLondon
_bE. and F.N. Spon
_c1988
300 _axiv,162p. ; 24cm.
350 _a29
520 _aContents:- Property and investment./ MACLEARY, A.R. - Valuation techniques and matter of evidence and motive./ FRASER, W.D. - The current discounted cash flow models for the valuation and analysis of property investment./ NANTHAKUMARAN, N. - Depreciation and property investment appraisal./ BAUM, A.E. - The analysis of risk in the appraisal of property investments./ MORELY, S.J.E. - Forecasting of rents./ HETHERINGTON, J.T. - Portfolio theory and property analysis./ BROWN, G.R. - Asset pricing models and property as a long term investment./ WARD, C.W.R. - Advances in property investment theory./ MACLEARY, A.R. & NANTHAKUMARAN, N.
650 _a1970S
650 _aASSET PRICING MODELS
650 _aCAPITAL ASSET PRICING
650 _aDEPRECIATION
650 _aDISCOUNTED CASH FLOW
650 _aFINANCIAL INSTITUTIONS
650 _aINVESTMENT APPRAISAL
650 _aMONTE CARLO SIMULATION
650 _aOBSOLESCENCE
650 _aPORTFOLIO THEORY
650 _aPOST-WAR HISTORY
650 _aPROBABILITY ANALYSIS
650 _aPROPERTY INVESTMENT THEORY
650 _aPROPERTY INVESTMENT
650 _aRISK ANALYSIS
650 _aSENSITIVITY ANALYSIS
650 _aSHARPE MODEL
650 _aVALUATION TECHNIQUES
650 _aValuation
_96273
650 _aYIELD
690 _aPROPERTY-COMMERCIAL PROPERTY-COMMERCIAL PROPERTY FINANCE AND INVESTMENT
700 _aMacLeary, A.R. & Nanthakumaran, N.,
_xEditor
942 _n0
948 _c04/03/1997
999 _c87400
_d87400